🎶 Paroles "J'ai croisé les Néréïdes" Tri Yann - Statistiques

Statistiques générales
  • Ce quiz a Ă©tĂ© pris 3 fois
  • Le rĂ©sultat moyen est 113 sur 210
Statistiques - réponses
Mots % Correct
Ă 
100%
Amphitrite
100%
Céladon
100%
Clymène
100%
Crénéis
100%
croisé
100%
Cydippe
100%
Dynamène
100%
Eulymène
100%
Eunice
100%
Eurydice
100%
J'
100%
Je
100%
l'
100%
les
100%
Néoméris
100%
Néréides
100%
Surimiide
100%
Thétis
100%
100
50%
ai
50%
au
50%
au-
50%
belle
50%
bras
50%
CaraĂŻbes
50%
cœur
50%
cœurs
50%
cortège
50%
couleur
50%
Cupidon
50%
D'
50%
dans
50%
Dans
50%
de
50%
Des
50%
des
50%
deux
50%
En
50%
Enlevé
50%
Équateur
50%
fière
50%
fois
50%
fureur
50%
Jusqu'
50%
la
50%
leurs
50%
mers
50%
ondes
50%
plongé
50%
pĂ´les
50%
sais
50%
sous
50%
turquoises
50%
aimé
0%
arraché
0%
Aux
0%
blonde
0%
chaleur
0%
Chanté
0%
delĂ 
0%
délessères
0%
douceur
0%
Du
0%
embrasé
0%
Enfers
0%
enlacé
0%
et
0%
Et
0%
flammes
0%
frondes
0%
goémons
0%
lit
0%
livré
0%
Océanides
0%
Poséidon
0%
ramené
0%
sanguines
0%
splendeur
0%
tendre
0%
traits
0%
Aucun quiz correspondant
Distribution des résultats
% des personnes avec chaque résultat
Percentile par nombre de réponses
Votre historique - résultats
Vous n’avez pas pris ce quiz